Online
Catalog

Introdución a las computadoras y a los sistemas de información / (Record no. 1753)

MARC details
000 -CABECERA
campo de control de longitud fija 00866cam a2200241 a 4500
001 - NÚMERO DE CONTROL
campo de control 000001876
005 - FECHA Y HORA DE LA ÚLTIMA TRANSACCIÓN
campo de control 20240513194432.0
008 - DATOS DE LONGITUD FIJA--INFORMACIÓN GENERAL
campo de control de longitud fija 960703s1999 mx a 001 0 spa
020 ## - NÚMERO INTERNACIONAL ESTÁNDAR DEL LIBRO
Número Internacional Estándar del Libro 970170262x
040 ## - FUENTE DE LA CATALOGACIÓN
Centro catalogador/agencia de origen DO-SdBNP
Lengua de catalogación spa
Centro/agencia transcriptor BNPHU
082 ## - NÚMERO DE LA CLASIFICACIÓN DECIMAL DEWEY
Número de clasificación 004
Número de documento/Ítem L848i, 1999
100 1# - ENTRADA PRINCIPAL--NOMBRE DE PERSONA
Nombre de persona Long, Larry E.
9 (RLIN) 6131
245 10 - MENCIÓN DE TÍTULO
Título Introdución a las computadoras y a los sistemas de información /
Mención de responsabilidad, etc. Larry Long y Nancy Long ; traducción Jorge Luis Gutiérrez.
250 ## - MENCIÓN DE EDICIÓN
Mención de edición 4a ed.
260 ## - PUBLICACIÓN, DISTRIBUCIÓN, ETC.
Lugar de publicación, distribución, etc. México :
Nombre del editor, distribuidor, etc. Prentice Hall,
Fecha de publicación, distribución, etc. 1999.
300 ## - DESCRIPCIÓN FÍSICA
Extensión xv, 240, 128, 17, 14 p. :
Otras características físicas il. ;
Dimensiones 27 cm.
500 ## - NOTA GENERAL
Nota general Título original: Introduction to computers & information systems
500 ## - NOTA GENERAL
Nota general Incluye índice.
650 #4 - PUNTO DE ACCESO ADICIONAL DE MATERIA--TÉRMINO DE MATERIA
Término de materia o nombre geográfico como elemento de entrada Informática
9 (RLIN) 5660
650 #0 - PUNTO DE ACCESO ADICIONAL DE MATERIA--TÉRMINO DE MATERIA
Término de materia o nombre geográfico como elemento de entrada Procesamiento electrónico de datos
9 (RLIN) 2306
700 1# - PUNTO DE ACCESO ADICIONAL--NOMBRE DE PERSONA
Nombre de persona Long, Nancy
Fechas asociadas al nombre 1947-
9 (RLIN) 6132
700 1# - PUNTO DE ACCESO ADICIONAL--NOMBRE DE PERSONA
Nombre de persona Gutiérrez, Jorge Luis
Término indicativo de función/relación tr.
9 (RLIN) 6112
Holdings
Estado de retiro Estado de pérdida Restricciones de uso No para préstamo Código de colección Localización permanente Ubicación/localización actual Ubicación en estantería Fecha de adquisición Número de inventario Total de préstamos Signatura topográfica completa Código de barras Fecha visto por última vez Número de copia Precio válido a partir de Tipo de ítem Koha Fuente de adquisición
    Préstamo restringido Préstamo restrigido Monografías: Libros y Folletos General General Depósito 03.07.2009 LF1   004 L848i, 1999 1876-20 25.06.2020 e.2 25.06.2020 Préstamo interno  
    Préstamo interno   Monografías: Libros y Folletos General General Depósito 06.07.2009 LF1   004 L848i, 1999 1876-10 25.06.2020   25.06.2020 Préstamo interno 002344

Powered by Koha